1587 1798 1183 1504 1726 1874 1069 1454 1120 1203 1516 1472 1730 1943 1425 1450 1832 1795 1271 1320 1949 1279 1175 1897 1353 1615 1613 1695 1602 1086 1088 1038 1784 1934 1130 1052 1449 1098 1065 1920 1095 1286 1622 1050 1619 1250 1673 1627 1121 1512 1816 1331 1896 1889 1424 1379 1343 1227 1647 1188 1414 1973 1728 1544 1160 1100 1620 1239 1862 1477 1936 1806 1521 1243 1309 1433 1872 1810 1005 1448 1409 1141 1982 1545 1509 1129 1878 1724 1968 1566 1400 2000 1405 1870 1163 1577 1867 1602 1099 BCNSPRNW ULIB Ver.6.0+V

เปลี่ยนเป็นภาษาไทย

Change to English
 แสดงรายละเอียดบรรณานุกรม
  กลับหน้าหลัก

Brief Record : Get Marc (ISO 2709) : E-mail record : QR code < ปิดหน้าต่าง
LEADER : 00000nam 2200000uu 4500
001    13399108879
003     ULIB
008    110315s2547||||th 000 0 tha d
020    9742722315
060 04 W800^bพ253ส 2547
100 0  พรทิพย์ โรจนสุนันท์,^cคุณหญิง
245 10 สืบจากศพ /^cพรทิพย์ โรจนสุนันท์
250    พิมพ์ครั้งที่ 27
260    กรุงเทพฯ :^bคลีนิกบ้านและสวน,^c2547
300    127 หน้า :^bภาพประกอบ ;^c21 ซม.
650  2 Autopsy
650  2 Forensic Medicine
650  7 นิติเวชศาสตร์
650  7 การตรวจศพ
945    ^p100^l0^i017190
995    ทศพร
999 ^a ใช้งานได้ทุกระบบ
รายการนี้ยังไม่มีแท็ก
คุณยังไม่ได้ล็อกอิน คุณสามารถมีกิจกรรมร่วมกับเว็บไซต์ได้ แต่ต้องล็อกอินก่อน ::
  ล็อกอิน

รายการสื่อสารสนเทศ

ลำดับที่ ประเภท เลขเรียก/บาร์โค้ด สถานที่ สถานะ
- ไม่พบข้อมูล -

รายการใกล้เคียง
    หัวเรื่อง [Autopsy]
    หัวเรื่อง [Forensic Medicine]
    หัวเรื่อง [นิติเวชศาสตร์]
    หัวเรื่อง [การตรวจศพ]

BibComment


ยังไม่เคยถูกคอมเมนท์

คอมเมนท์ทรัพยากรรายการนี้
  คอมเมนท์: สืบจากศพ พรทิพย์..


 Copyright 2026. Bcnsprnw @Library